| 000 | 00892nam a2200241Ia 4500 | ||
|---|---|---|---|
| 003 | GCL | ||
| 008 | 140319s9999 xx 000 0 ara d | ||
| 040 |
_aGCL / _cGCL |
||
| 082 | 0 | 4 |
_a244 _bث ا |
| 100 | 1 | _aمحمد المصرى (تعليق) | |
| 245 | 1 | 0 |
_aالاشباة والنظائر فى الالفاظ بالقرانية التى ترادفت مبانيتها وتنوعت معانيها / _cمحمد المصرى (تعليق) |
| 700 | 1 | _aالثعالبى : ابومنصور عبدالملك بن محمد بن اسماعيل النيسابورى | |
| 260 |
_a[S.N] : _bمكتبة المتنبى ، _c1984 |
||
| 300 | _a296 ص | ||
| 490 | _a | ||
| 650 | 0 | 4 | _aالاسلام |
| 650 | 0 | 4 | _aالالفاظ |
| 650 | 0 | 4 | _aالنثر العربى |
| 650 | 0 | 4 | _aاللغة العربية |
| 650 | 0 | 4 | _aالبلاغة العربية |
| 650 | 0 | 4 | _aالقران |
| 942 |
_2ddc _cBK |
||
| 999 |
_c31353 _d31353 |
||